| 000 -LEADER |
| fixed length control field |
01048cam a22002297a 4500 |
| 020 ## - INTERNATIONAL STANDARD BOOK NUMBER |
| ISBN |
9789251071434 |
| 020 ## - INTERNATIONAL STANDARD BOOK NUMBER |
| ISBN |
9251071438 |
| 040 ## - CATALOGING SOURCE |
| Transcribing agency |
CN3GA |
| 082 ## - DEWEY DECIMAL CLASSIFICATION NUMBER |
| Classification number |
664 FOO 2012 A038 Or. |
| 245 00 - TITLE STATEMENT |
| Title |
Integrating food security information in national statistical systems : |
| Remainder of title |
experiences, achievements, challenges / |
| 260 ## - PUBLICATION, DISTRIBUTION, ETC. (IMPRINT) |
| Place of publication |
Rome : |
| Name of publisher |
Food and Agriculture Organization of the United Nations, |
| Year of publication |
2012. |
| 300 ## - PHYSICAL DESCRIPTION |
| Number of Pages |
xv, 130 p. : |
| Other physical details |
col. ill., col. maps ; |
| Dimensions |
30 cm. |
| 500 ## - GENERAL NOTE |
| General note |
"This publication was prepared in the context of the EC-FAO Programme on 'Linking Information and Decision Making to Improve Food Security', which is funded by the European Union (EU) and Implemented by the Food and Agriculture Organization (FAO) of the United Nations." |
| 500 ## - GENERAL NOTE |
| General note |
"I2588E/1/01.12"--P. [4] of cover. |
| 650 #0 - SUBJECT ADDED ENTRY--TOPICAL TERM |
| Topical Term |
Food industry and trade |
| 650 #0 - SUBJECT ADDED ENTRY--TOPICAL TERM |
| Topical Term |
Food supply |
| 650 #0 - SUBJECT ADDED ENTRY--TOPICAL TERM |
| Topical Term |
Food security |
| 650 #0 - SUBJECT ADDED ENTRY--TOPICAL TERM |
| Topical Term |
Food security |
| 700 1# - ADDED ENTRY--PERSONAL NAME |
| Personal name |
Ramasawmy, Seevalingum. |
| 710 2# - ADDED ENTRY--CORPORATE NAME |
| Corporate name or jurisdiction name as entry element |
Food and Agriculture Organization of the United Nations. |
| 942 ## - ADDED ENTRY ELEMENTS (KOHA) |
| Koha item type |
សៀវភៅភាសាអង់គ្លេស |
| 952 ## - LOCATION AND ITEM INFORMATION (KOHA) |
| Withdrawn status [LOCAL, KOHA] |
0 |